| 000 | 01303nam a2200265Ia 4500 | ||
|---|---|---|---|
| 005 | 20250329173538.0 | ||
| 008 | 200810s2014 xx 000 0 spa d | ||
| 020 | _a9786077370390 | ||
| 040 |
_aCO-CtgCURN _bspa _ccoctgcurn |
||
| 082 |
_a361.3 _bE64e |
||
| 245 | 0 |
_aEpistemología y trabaio social _h[electronic resource] / _cMartín Castro Guzmán; Julia del Carmen Chávez Carapia ; Silvia Vázquez González |
|
| 260 |
_aMéxico : _bAcanit, _c2014 |
||
| 300 | _arecurso en línea (213 páginas) : | ||
| 336 |
_atexto _btxt |
||
| 337 |
_acomputador _bc |
||
| 338 |
_arecurso en línea _bcr |
||
| 504 | _aIncluye referencias bibliográficas | ||
| 505 | _aEpistemología, paradigmas y modelos -- Fundamentos teóricos en Trabajo Social -- Aportes del Trabajo Social desde la mirada epistémica de la acción profesional -- Dilemas epistemológicos actuales en el quehacer del Trabajo Social: Esfuerzos adicionales de la intervención profesional | ||
| 590 | _aPrograma de Trabajo Social_26 | ||
| 650 | _aEpistemología | ||
| 650 | _aTrabajo social | ||
| 856 |
_uhttps://unicurn.sharepoint.com/:b:/s/biblioteca/EaBHQ-5L_3NMs7sB2xvu6ZYB84g2gyBm8t0E8JhlQRR_fw?e=G9TvEs _zVea este libro electrónico |
||
| 942 |
_cCF _h361.3 _iE64e |
||
| 999 |
_c7847 _d7847 |
||